00727nam a22001817a 4500003000900000008004100009040007100050082002400121100003600145245005100181260001900232300002700251505017600278650002600454650001700480650001300497710003500510AR-CdUCM190411b ||||| |||| 00| 0 spa d aMUNICIPALIDAD PROVINCIAL DEL CUSCOcBIBLIOTECA MUNICIPAL DEL CUSCO aC / 379.2187 /bA98 aAzpilcueta Loaiza, José Oscar aSimón Rodríguez eximio maestro americano / aCusco :c1977. a87 páginas ;c21 cm. aContenido: Datos biográficos -- Peregrinación de Simón Rodriguez -- Simón Rodriguez , gran maestro del libertador -- Doctrina pedagógica de Simón Rodriguez ... aPedagogos venezolanos aPersonalidad aDoctrina aSociedad Bolivariana del Cusco